Statistics for Name that Art Period

Click here to take the quiz!

General Stats

  • This quiz has been taken 151 times
  • The average score is 11 of 31

Answer Stats

Art PeriodAnswer% Correct
1495-1527Renaissance
86%
1905-1939Cubism
79%
1870-1900Impressionism
79%
1600-1725Baroque
75%
1140-1600Gothic
61%
1890-1939Expressionism
57%
1800-1850Romanticism
57%
1924-1945Surrealism
57%
1840-1870Realism
54%
1956-1969Pop-Art/Op Art
50%
1720-1760Rococo
50%
1920-1935Art Deco
43%
1880-1920Post-Impressionism
43%
1912-1923Dadaism
39%
1770-1840Neoclassicism
36%
100-1150Romanesque
32%
1520-1600Mannerism
29%
1968-NowPhotorealism
25%
1920-1925Bauhaus
21%
1978-NowContemporary Art
21%
1960-1975Minimalism
21%
1945-1960Abstract Expressionism
18%
1909-1918Futurism
18%
1880-1910Symbolism
18%
1960-1969Arte Povera
14%
1970-NowLowbrow Pop Surrealism
14%
1848-1854Pre-Raphaelite
14%
1920-1950Precisionism
11%
1895-1915Art Noveau
7%
1880-1900Naturalism
7%
1918-1933New Objectivity
7%

Score Distribution

Percentile by Number Answered

Percent of People with Each Score

Your Score History

You have not taken this quiz